00492nam a2200169Ia 450000500170000000800410001704000190005804100120007708200190008910000180010824500730012626000340019930000110023350400500024465000180029485000100031220230329110912.0131103s9999 xx 000 0 und d aLoreto College aEnglish a822.8bIBS-NOR aNortham, John aIbsen's dramatic methodb a study of the prose dramas cJohn Northam aLondonbFaber and Faberc1952 a222p.  aIncludes bibliographical references and index aEnglish drama aLCLIB